000 01048nas a2200253 454500
001 745
005 20260407193503.0
008 260407s1977####ag###########|||spa#d
003 AR-UNSa-BCEJYS
040 _aAR-UNSa-BCEJYS
_bspa
_cAR-UNSa-BCEJYS
080 _a339.5
_xComercio exterior. Comercio Internacional
245 1 0 _aComercio exterior
_prevista de análisis económico y social
022 _a0185-0601
264 1 _aMéxico :
_bBanco Nacional de Comercio Exterior
_c1977
310 _aMensual Cambios de Directores a partir de Vol. 42, Nº 6, por Homero Urías Brambila; Vol. 51, Nº12 por Rafael González Rubí y Sergio Hernández Clark; Vol. 60, Nº 1 por Alfredo Salomón Ganado
942 _cSER
590 _aniveau_biblio:s niveau_hierar:1
100 1 _aBanco Nacional de Comercio Exterior
700 1 _aOrtiz Hernán, Sergio
650 _aComercio internacional
650 _a6.25 Economía
650 _aMéxico
856 4 1 _uhttps://biblioeco.unsa.edu.ar/pmb/images/revistas/Comercio Exterior.jpg
_yImagen de portada
_qimage/jpeg
999 _c8372
_d8372